000 00968nam a22002292i 4500
001 156530
003 ES-MaACL
005 20230906210431.0
008 940622s1872 sp a |||| | spa d
040 _aCAT
_bspa
_cCAT
_dCCPB
080 _a634
100 1 _aJusto y Villanueva, Luis.
_9128413
245 1 0 _aExtracto de las sesiones que acerca la vinicultura profesó en 1872 en el Instituto Agrícola Catalán de San Isidro D. Luis Justo y Villanueva /
_cobra publicada por el mismo profesor bajo los auspicios del periódico La Ciencia al Alcance de Todos.
260 _aBarcelona :
_bTipografía Católica,
_c1872.
300 _a124 p., 1 h. pleg. de làm. ;
_c24 cm.
490 1 _aBiblioteca agrícola
650 4 _aViticultura.
_9136993
710 2 _aInstitut Agrícola Català de Sant Isidre.
_9176166
830 0 _aBiblioteca agrícola
_9188076
852 _aES-MaACL
_jT-832-F-5
_z-- Enc. hol.
_z-- Enc. en un vol. facticio
999 _c156530
_d156530